000 00354cam a22001217a 4500
008 180718b1958 xxu||||| |||| 00| 0 eng d
082 _aA32 CHI/Si55
100 _aSimon, W.
245 _aA beginners' Chinese-english dictionary
_cby W. Simon
260 _aLondon
_bPercy Lund
_c1958
300 _a880p.
650 _aChinese language --Dictionaries --English
999 _c436806
_d436806